00353pab a2200145 454500008004000000100001500040245005100055260000900106300000800115362001000123650002000133650001200153650002800165773001400193180718b1997 xxu||||| |||| 00| 0 eng d aBuch, M.N. aCult of slavery: feudal mindset of our leaders c1997 ap.8 a3 Apr aSocial problems aPoverty aPolitics and government aStatesman